Kaupunkivaltioita - Statistics

Yleistilastot
  • Tätä visaa on pelattu 502 kertaa
  • Keskiarvotulos 9 / 20
Vastaustilastot
Vihje Kaupunkivaltio % Oikein
Demokratian syntymäpaikka Ateena
91%
Kasvoi yhdeksi maailman suurimmista valtakunnista Rooma
90%
Monte Carlo on osa tätä kaupunkia Monaco
86%
Purukumi on kielletty tässä kaupungissa Singapore
74%
Laguuniin rakennettu kanavista tunnettu kaupunki Venetsia
74%
Yllä olevan sotilaallinen vastustaja Sparta
67%
Viscontien hallitsema kaupunki, joka kuului Lombardian liittoon Milano
61%
Renessanssin syntymäpaikka Firenze
55%
"Roomeon ja Julian" tapahtumapaikka Verona
46%
"Vapaakaupunki" Saksan ja Puolan välissä Danzig
41%
Luoteis-Italian kaupunki, jossa Kolumbus syntyi Genova
37%
Vapaakaupunki Mainjoen varrella, josta Rothschildin suku on peräisin Frankfurt
36%
Foinikilaissiirtokunta, joka hallitsi Pohjois-Afrikan rannikkoa Karthago
35%
Galileon kotikaupunki Pisa
35%
Hansaliiton johtava kaupunki Lyypekki
29%
Kehitti yhden kolmesta pylväsjärjestelmästä Korintti
22%
Kreikkalaisten siirtokunta Sisiliassa, jossa Arkhimedes asui Syrakusa
22%
Kaksi usein yhteen ryhmiteltyä foinikialaiskaupunkia Tyros
9%
Kaksi usein yhteen ryhmiteltyä foinikialaiskaupunkia Sidon
8%
Sillä oli "pyhä joukko" eliittisotilaita Theba
8%
Ehtoja vastaavia visoja ei löytynyt
Tulosjakauma
Jokaisen tuloksen saaneiden osuus
Persentiili vastausten määrän mukaan
Tuloshistoriasi
Et ole pelannut tätä visaa